Statistics for 2022 FIFA World Cup Top Scorers

Click here to take the quiz!

General Stats

  • This quiz has been taken 2,992 times
    (2,286 since last reset)
  • The average score is 5 of 11

Answer Stats

GoalsPlayer% Correct
7Lionel Messi
99%
8Kylian Mbappé
98%
4Olivier Giroud
56%
4Julián Álvarez
55%
3Marcus Rashford
36%
3Richarlison de Andrade
35%
3Bukayo Saka
33%
3Gonçalo Ramos
33%
3Cody Gakpo
31%
3Enner Valencia
29%
3Álvaro Morata
24%

Score Distribution

Percentile by Number Answered

Percent of People with Each Score

Your Score History

You have not taken this quiz since the last reset